| 000 | 00868nam a22002417a 4500 | ||
|---|---|---|---|
| 003 | UA-OsUOA | ||
| 001 | 52808 | ||
| 007 | ta | ||
| 008 | 20150909b un ||||| |||| 00| 0 ukr d | ||
| 090 |
_a017 _bК29 |
||
| 942 | _cBK | ||
| 040 |
_aUA-OsUOA _bukr _cUA-OsUOA _dUA-OsUOA |
||
| 245 |
_aКаталог українських поштових марок 1950 _cред. Ю. Максимчук |
||
| 300 | _a160 с. | ||
| 955 | _a4 | ||
| 041 | _aukr | ||
| 080 | _a017 | ||
| 260 |
_aУльм; Данау _bНакладом Видавництва М. Бігус і С-ка _c1950 |
||
| 246 | 3 | 1 |
_aЧастина ІІ _nНедержавні випуски |
| 650 | 7 |
_a01 Бібліографія і бібліографії. Каталоги _2UDC |
|
| 999 |
_c432925 _d432925 |
||